000 00791cam a22002898i 4500
999 _c1650
_d1650
001 021737884
003 UkOxU
005 20230118081411.0
008 190514s2019 enk j 000|f|eng|d
015 _aGBB9B6196
_2bnb
016 7 _a019453294
_2Uk
020 _a9781407196497 (pbk.) :
035 _a(Uk)019453294
040 _aStDuBDS
_beng
_erda
_cStDuBDS
_dKH8
082 0 4 _a823.92 BIR
_223
100 1 _aBirchall, Katy,
_eauthor.
245 1 0 _aMorgan Charmley, teen witch /
_cKaty Birchall.
263 _a201909
264 1 _aLondon :
_bScholastic,
_c2019.
300 _a1 volume ;
_c20 cm
336 _atext
_2rdacontent
337 _aunmediated
_2rdamedia
338 _avolume
_2rdacarrier
650 0 _aWitches
_vFiction.
655 0 _aYoung adult fiction.
942 _2ddc
_cNFIC